List of Singapore's Free Trade Agreements - Statistics

General Stats
  • This quiz has been taken 30 times
  • The average score is 17 of 25
Answer Stats
Hint Answer % Correct
Agreements between ASEAN and other countries ASEAN-China Free Trade Area (ACFTA)
100%
Agreements between ASEAN and other countries ASEAN-Japan Comprehensive Economic Partnership (AJCEP)
100%
Agreements between Singapore and other countries China-Singapore Free Trade Agreement (CSFTA)
100%
Agreements between Singapore and other countries India-Singapore Comprehensive Economic Cooperative Agreement (CECA)
100%
Agreements between Singapore and other countries Japan-Singapore Economic Partnership Agreement (JSEPA)
100%
Agreements between Singapore and other countries United States-Singapore Free Trade Agreement (USSFTA)
100%
Agreements between ASEAN and other countries ASEAN-India Free Trade Area (AIFTA)
96%
Agreements between ASEAN and other countries ASEAN-Korea Free Trade Area (AKFTA)
96%
Agreements between Singapore and other countries Korea-Singapore Free Trade Agreement (KSFTA)
96%
Agreements between ASEAN and other countries ASEAN-Australia-New Zealand Free Trade Area (AANZFTA)
92%
Agreements between Singapore and other countries Singapore-Australia Free Trade Agreement (SAFTA)
92%
Agreements between Singapore and other regional organisations European Free Trade Association-Singapore Free Trade Agreement (ESFTA)
88%
Agreements between Singapore and other countries European Union-Singapore Free Trade Agreement (EUSFTA)
88%
Agreements between Singapore and other countries New Zealand-Singapore Comprehensive Economic Partnership (ANZSCEP)
83%
Agreements between Singapore and other countries Turkey-Singapore Free Trade Agreement (TRSFTA)
67%
Agreements between multiple countries ASEAN Free Trade Area (AFTA)
58%
Agreements between Singapore and other countries Peru-Singapore Free Trade Agreement (PeSFTA)
42%
Agreements between ASEAN and other countries ASEAN-Hong Kong, China Free Trade Area (AHKFTA)
33%
Agreements between Singapore and other countries Sri Lanka-Singapore Free Trade Agreement (SLSFTA)
33%
Agreements between multiple countries Comprehensive and Progressive Agreement for Trans-Pacific Partnership (CPTPP)
29%
Agreements between Singapore and other countries Panama-Singapore Free Trade Agreement (PSFTA)
29%
Agreements between multiple countries Trans-Pacific Strategic Economic Partnerships (TPSEP)
29%
Agreements between Singapore and other regional organisations Gulf Cooperation Council-Singapore Free Trade Agreement (GSFTA)
13%
Agreements between Singapore and other countries Singapore-Jordan Free Trade Agreement (SJFTA)
4%
Agreements between Singapore and other countries Singapore-Costa Rica Free Trade Agreement (SCRFTA)
0%
No matching quizzes found
Score Distribution
Percent of People with Each Score
Percentile by Number Answered
Your Score History
You have not taken this quiz